000 00432nam a2200169Ia 4500
008 131103s9999 xx 000 0 und d
040 _aLoreto College
041 _aEnglish
082 _aF/MAC
_bLCLIB/21082
100 _aMacdonald,Ross
245 4 _aThe Goodbye look
_cRoss Macdonald
260 _aNew York
_bBantam Books
_c1969
300 _a186 p.
_c 18 cm.
650 _aFiction in English
850 _aLCLIB
942 _cBK
999 _c14524
_d65003